Mastering network security (Record no. 6676)
[ view plain ]
| 000 -LEADER | |
|---|---|
| fixed length control field | 00863 a2200229 4500 |
| 020 ## - INTERNATIONAL STANDARD BOOK NUMBER | |
| International Standard Book Number | 0782141420 |
| 040 ## - CATALOGING SOURCE | |
| Original cataloging agency | DLC |
| Language of cataloging | DLC |
| 082 00 - DEWEY DECIMAL CLASSIFICATION NUMBER | |
| Classification number | 005.8 |
| 100 1# - MAIN ENTRY--PERSONAL NAME | |
| Personal name | Brenton, Chris. |
| 245 10 - TITLE STATEMENT | |
| Title | Mastering network security |
| Statement of responsibility, etc. | Chris Brenton, Cameron Hunt. |
| 250 ## - EDITION STATEMENT | |
| Edition statement | 2nd ed. |
| 260 ## - PUBLICATION, DISTRIBUTION, ETC. | |
| Place of publication, distribution, etc. | San Francisco : |
| Name of publisher, distributor, etc. | Sybex, |
| Date of publication, distribution, etc. | c2003. |
| 300 ## - PHYSICAL DESCRIPTION | |
| Extent | xvi, 490 p. : |
| Other physical details | ill. ; |
| Dimensions | 23 cm. |
| 500 ## - GENERAL NOTE | |
| General note | Includes index. |
| 650 #0 - SUBJECT ADDED ENTRY--TOPICAL TERM | |
| Topical term or geographic name entry element | Computer security. |
| 650 #0 - SUBJECT ADDED ENTRY--TOPICAL TERM | |
| Topical term or geographic name entry element | Computer networks |
| General subdivision | Security measures. |
| 700 1# - ADDED ENTRY--PERSONAL NAME | |
| Personal name | Hunt, Cameron. |
| 856 42 - ELECTRONIC LOCATION AND ACCESS | |
| Materials specified | Contributor biographical information |
| Uniform Resource Identifier | <a href="http://www.loc.gov/catdir/enhancements/fy0613/2002108077-b.html">http://www.loc.gov/catdir/enhancements/fy0613/2002108077-b.html</a> |
| 856 42 - ELECTRONIC LOCATION AND ACCESS | |
| Materials specified | Publisher description |
| Uniform Resource Identifier | <a href="http://www.loc.gov/catdir/enhancements/fy0613/2002108077-d.html">http://www.loc.gov/catdir/enhancements/fy0613/2002108077-d.html</a> |
| 856 42 - ELECTRONIC LOCATION AND ACCESS | |
| Materials specified | Table of contents only |
| Uniform Resource Identifier | <a href="http://www.loc.gov/catdir/enhancements/fy0613/2002108077-t.html">http://www.loc.gov/catdir/enhancements/fy0613/2002108077-t.html</a> |
| 942 ## - ADDED ENTRY ELEMENTS (KOHA) | |
| Koha item type | Book |
| Call number prefix | 005.8 BRE |
| Source of classification or shelving scheme | |
| Withdrawn status | Lost status | Source of classification or shelving scheme | Damaged status | Not for loan | Permanent Location | Current Location | Shelving location | Date acquired | Source of acquisition | Cost, normal purchase price | Total Checkouts | Total Renewals | Full call number | Barcode | Date last seen | Date last checked out | Price effective from | Koha item type | Collection code |
|---|---|---|---|---|---|---|---|---|---|---|---|---|---|---|---|---|---|---|---|
| Central Library (CL) | Central Library (CL) | First Floor - Artificial Intelligence/Data Mining | 06/06/2003 | Academic Book company | 301.17 | 1 | 2 | 005.8 BRE | SEECS003484 | 09/05/2023 | 05/10/2023 | 01/05/2017 | Book | ||||||
| Central Library (CL) | Central Library (CL) | First Floor - Artificial Intelligence/Data Mining | 06/06/2003 | Academic Book company | 301.17 | 1 | 005.8 BRE | SEECS003486 | 01/25/2014 | 01/21/2014 | 01/05/2017 | Book | |||||||
| Central Library (CL) | Central Library (CL) | First Floor - Artificial Intelligence/Data Mining | 06/06/2003 | Academic Book company | 301.17 | 3 | 2 | 005.8 BRE | SEECS003487 | 12/13/2024 | 09/30/2024 | 01/05/2017 | Book | ||||||
| Central Library (CL) | Central Library (CL) | First Floor - Artificial Intelligence/Data Mining | 06/06/2003 | Academic Book company | 301.17 | 005.8 BRE | SEECS003485 | 11/14/2012 | 01/05/2017 | Book | |||||||||
| Central Library (CL) | Central Library (CL) | First Floor - Artificial Intelligence/Data Mining | 06/06/2003 | Academic Book company | 301.17 | 005.8 BRE | SEECS003483 | 11/14/2012 | 01/05/2017 | Book |
